Most Viewed Pre-Modern People on Wikipedia - Statistics

General Stats
  • This quiz has been taken 19,772 times
    17,513 since last reset
  • The average score is 14 of 32
Answer Stats
Views Country Died Answer % Correct
59 m c. 30 Jesus
95%
49 m 44 BC Julius Caesar
88%
51 m 623 Muhammad
88%
44 m 1227 Genghis Khan
79%
55 m 323 BC Alexander the Great
78%
37 m c. 400 BC Gautama Buddha
75%
30 m c. 348 BC Plato
71%
28 m 399 BC Socrates
66%
20 m 30 BC Cleopatra
65%
34 m 322 BC Aristotle
63%
26 m 14 Augustus
57%
26 m 814 Charlemagne
55%
23 m 68 Nero
50%
26 m c. 1323 BC Tutankhamun
49%
19 m 1422 Henry V
48%
29 m 1431 Joan of Arc
48%
18 m 1087 William the Conqueror
42%
18 m 479 BC Confucius
41%
30 m c. 500 King Arthur
36%
24 m c. 1300 BC Moses
32%
19 m c. 181 BC Hannibal
28%
22 m 41 Caligula
26%
19 m c. 1800 BC Abraham
22%
18 m 970 BC David
21%
18 m 180 Marcus Aurelius
18%
23 m 1324 Marco Polo
17%
22 m 899 Alfred the Great
14%
24 m 1305 William Wallace
13%
21 m c. 1200 Robin Hood
12%
27 m 71 BC Spartacus
9%
18 m 222 BC Ashoka
6%
26 m c. 865 Ragnar Lodbrok
5%
No matching quizzes found
Score Distribution
Percent of People with Each Score
Percentile by Number Answered
Your Score History
You have not taken this quiz since the last reset